Jednostki administracyjne w Europie (dla Geomexa) - Statystyki

Ogólne statystyki
  • Ten quiz został rozwiązany 46 razy
  • Średni wynik to 23 z 45
Statystyki odpowiedzi
Jednostka Państwo % Poprawnych
kraj związkowy Brandenburgia Niemcy
83%
okręg Trøndelag Norwegia
83%
województwo pomorskie Polska
83%
Szkocja Wielka Brytania
83%
obwód brzeski Białoruś
81%
region Macedonia Środkowa Grecja
81%
kraj pilzeński Czechy
75%
obwód winnicki Ukraina
75%
hrabstwo Longford Irlandia
72%
region Suðurland Islandia
72%
Prowansja-Alpy-Lazurowe Wybrzeże Francja
69%
dystrykt Faro Portugalia
64%
region waloński Belgia
61%
rejon Cimișlia Mołdawia
61%
osiedle La Condamine Monako
61%
obwód Tulski Rosja
61%
region Jutlandia Środkowa Dania
58%
kraj preszowski Słowacja
58%
wspólnota Nawarra Hiszpania
56%
okręg Gałacz Rumunia
53%
region Norrbotten Szwecja
53%
kraj związkowy Vorarlberg Austria
50%
region Kymenlaakso Finlandia
50%
kanton Solura Szwajcaria
47%
parafia Ordino Andora
44%
żupania krapińsko-zagorska Chorwacja
44%
prowincja Edirna Turcja
44%
prowincja Jõgeva Estonia
42%
okręg niszawski Serbia
39%
kominat Somogy Węgry
39%
region Basilicata Włochy
39%
prowincja Flevoland Holandia
36%
obwód Fier Albania
33%
miasto Faetano San Marino
33%
obwód Szumen Bułgaria
31%
gmina Kolašin Czarnogóra
31%
okręg olicki Litwa
31%
kanton Mersch Luksemburg
31%
gmina Vecumnieki Łotwa
28%
gmina Bosiłowo Macedonia Północna
28%
rada lokalna Qormi Malta
28%
gmina Polzela Słowenia
28%
kanton uńsko-sański Bośnia i Hercegowina
25%
region Pejë Kosowo
19%
gmina Triesen Liechenstein
3%
Nie znaleziono quizów pasujących do podanych kryteriów
Rozkład punktacji
Procent ludzi z każdym wynikiem
Percentyl według liczby udzielonych odpowiedzi
Twoja historia wyników
Nie rozwiązałeś tego quizu